Movies Quiz

Random Movies or Disney Quiz

Disney Song Jamboree Quiz Stats

 Plays Quiz Updated Jun 26, 2017

Support Sporcle.
Go Orange.
Score 0/55 Timer 07:00
8 Plays Today
% Correct
Be Our Guest
95.6%
Belle
95.2%
The Bare Necessities
93.4%
Hakuna Matata
93.2%
Circle of Life
92.6%
I Just Can't Wait to Be King
92.5%
Gaston
92.5%
Can You Feel the Love Tonight?
89.5%
Let It Go
89.2%
Do You Want to Build a Snowman?
88.7%
A Spoonful of Sugar
87.4%
Colors of the Wind
87.4%
Heigh-Ho
83.1%
I'll Make a Man Out of You
82%
He's a Tramp
81.1%
I Wan'na Be Like You
80.5%
Just Around the Riverbend
79.7%
When I See an Elephant Fly
79.7%
Whistle While You Work
79.4%
The Wonderful Thing About Tiggers
79.1%
Biddidi-Bobbidi-Boo
79%
For the First Time in Forever
76.9%
A Girl Worth Fighting For
76.6%
A Dream Is a Wish Your Heart Makes
74.9%
Love Is an Open Door
73.3%
Let's Go Fly a Kite
72.8%
Reflection
71.2%
Honor to Us All
70.9%
% Correct
The Unbirthday Song
70.6%
Someday My Prince Will Come
70.5%
Pink Elephants on Parade
69.7%
Savages
69.5%
In Summer
68.9%
Be Prepared
68.2%
Painting the Roses Red
67%
Rumbly in My Tumbly
65.6%
Heffalumps and Woozles
65.3%
Something There
64.9%
Siamese Cat Song
64.1%
Bella Notte
59.9%
Fidelity Fiduciary Bank
59.6%
Baby Mine
58.5%
The Virginia Company
57.4%
Look Out for Mr. Stork
57.1%
The Walrus and the Carpenter
56.9%
What a Rather Blustery Day
56%
Step in Time
54.6%
The Mob Song
53.9%
Jolly Holiday
52.7%
Oh, Sing Sweet Nightingale
46.7%
I'm Wishing
46%
That's What Friends Are For
44.2%
All in a Golden Afternoon
42.4%
Casey Junior
37.3%
My Own Home
34.1%

You're not logged in!

Compare scores with friends on all Sporcle quizzes.
OR
Log In
Forgot?

From the Vault

Find the 'N' Countries

by teedslaststand

Neverland and Narnia not included.
Remove Ads.
Support Sporcle.
Get the best of Sporcle when you Go Orange. This ad-free experience offers more features, more stats, and more fun while also helping to support Sporcle. Thank you for becoming a member.

Show Comments

Extras

Top Quizzes Today


Score Distribution

Your Account Isn't Verified!

In order to create a playlist on Sporcle, you need to verify the email address you used during registration. Go to your Sporcle Settings to finish the process.

Report this User

Report this user for behavior that violates our Community Guidelines.

Details: